LEADER 02784nas# 22003971i 450 001 UON00147345 005 20231205102906.950 011 $a1474-6743 011 $a1478-3401$be-journal 100 $a20020107a2002 |0itac50 ba 101 $aeng 102 $aGB 105 $a|||| X 1|||| 110 $aaQ||||||||| 200 1 $aInternational development planning review 207 $aVol. 24, no. 1 (Feb. 2002)- 210 $aLiverpool$cLiverpool University Press$d2002- 215 $a v.$d25 cm 300 $aTrimestrale. - Versione Internet. 316 $aPRINT + INTERNET$5IT-UONSI A Per2203/2012 (34) 316 $aV. 32 (2010); ONLINE GRATUITO$5IT-UONSI A Per2203/2010 (32) 316 $aONLINE GRATUITO$5IT-UONSI A Per2203/2011 (33) 430 1$1001UON00000898$12001 $aThird world planning review$fLiverpool University$1207 $aVol. 1, no. 1 (Spring 1979)-vol. 23, no. 4 (2001)$1210 $aLiverpool$cLiverpool University Press$d1979-2001$1215 $a23 v.$d24 cm$1300 $aSemestrale; poi trimestrale. 517 1$3UON00378883$aIDPR 686 $aGB$cREGNO UNITO - PERIODICI$2A 686 $aABBONAMENTI$cABBONAMENTI - PERIODICI$2A 686 $aDISDETTI$cABBONAMENTI DISDETTI - PERIODICI$2A 686 $aPERIODICI NON ATTIVI$cPERIODICI - NON ATTIVI$2A 686 $aTITOLI ELETTRONICI$cTITOLI ELETTRONICI - PERIODICI$2A 801 $aIT$bSOL$c20240220$gRICA 899 $aSIBA - SISTEMA BIBLIOTECARIO DI ATENEO$2UONSI$424(2002)-34(2012). Lac. 2005$cPer 2203 ; 912 $aUON00147345 950 $aSIBA - SISTEMA BIBLIOTECARIO DI ATENEO$bSI 24(2002)-34(2012). Lac. 2005$dSI A Per 2203 2012 (34) $eSI 194 7 2012 (34) PRINT + INTERNET$dSI A Per 2203 2002 (24) $eSI SA 106442 7 2002 (24) $dSI A Per 2203 2004 (26) $eSI SA 111128 7 2004 (26) $eSI SA 111426 7 2003 (25) $eSI SA 113605 7 2005 (27) $eSI SA 119989 7 2006 (28) $eSI SA 123706 7 2007 (29) $eSI SA 124888 7 2008 (30) $eSI SA 125762 7 2009 (31) $dSI A Per 2203 2010 (32) $eSI SA 127085 7 2010 (32) V. 32 (2010); ONLINE GRATUITO$dSI A Per 2203 2011 (33) $eSI SA 129353 7 2011 (33) ONLINE GRATUITO 951 $aSIBA - SISTEMA BIBLIOTECARIO DI ATENEO$bSI2012SA172 0J 20120111V. 34 (2012); PRINT + INTERNET 996 $aInternational development planning review$91325216 997 $aUNIOR LEADER 01883nam0 22003371i 450 001 UON00474110 005 20231205105220.35 010 $a07-294-0401-3 100 $a20170217d1990 |0itac50 ba 101 $afre 102 $aGB 105 $a|||| 1|||| 200 1 $aDe Pascal à Voltaire$ele rôle des Pensées de Pascal dans l'histoire des idées entre 1670 et 1734$fAntony McKenna 210 $aOxford$cThe Voltaire Foundation$d1990 215 $a2 v.$d24 cm. 410 1$1001UON00404884$12001 $aStudies on Voltaire and the eighteenth century$fFondation Voltaire, Theodore Besterman$1210 $aGenève$cPubl. de l'Institut et Musée Voltaire$d1956-1971 ; Banbury ; Oxford$cVoltaire Foundation$d1971-2013.$v276-277 606 $aFilosofia$xFrancia$xSec. 17.-18.$3UONC091119$2FI 606 $aPascal Blaise$3UONC044921$2FI 620 $aGB$dOxford$3UONL000029 676 $a194$cFilosofia occidentale moderna. Francia$v21 676 $a844$cLetteratura francese. Saggi$v21 700 1$aMCKENNA$bAntony$3UONV234135$0154041 712 $aThe Voltaire Foundation$3UONV281139$4650 801 $aIT$bSOL$c20251031$gRICA 912 $aUON00474110 950 $aSIBA - SISTEMA BIBLIOTECARIO DI ATENEO$dSI FS 06769 (1) $eSI FP 13203 5 (1) 950 $aSIBA - SISTEMA BIBLIOTECARIO DI ATENEO$dSI FS 06769 (2) $eSI FP 13204 5 (2) 950 $aSIBA - SISTEMA BIBLIOTECARIO DI ATENEO$dSI Cort VOL 102 a $eSI LO 51224 7 102 a 950 $aSIBA - SISTEMA BIBLIOTECARIO DI ATENEO$dSI Cort VOL 102 b $eSI LO 51225 7 102 b 996 $aDe Pascal à Voltaire$9708172 997 $aUNIOR